000 00751nam a2200253 a 4500
001 49969
003 BD-RjUL
005 20211209075434.0
008 160823r19471926enk 001 0 eng
035 _a(BD-RjUL)50089
040 _aDLC
_cODaWU
_dMoSpCB
_dBD-RjUL
_beng
041 _aeng
082 _223
_a373
_bMOP 1947
100 1 0 _aMorrison, Henry C.
_9149755
245 1 4 _aThe practice of teaching in the secondary school /
_cby Henry C. Morrison.
250 _aRev ed.
260 _aChicago :
_bUniversity of Chicago Press,
_cc1926 [impression 1947]
300 _ax, 688 p. ;
_c23 cm.
500 _aInclude index
650 0 _aTeaching.
_9149756
650 0 _aEducation, Secondary.
_9149757
942 _2ddc
_cBK
999 _c49969
_d49969